00805nam a2200193 a 450000100100000000500170001000800410002704000250006808200150009310000390010824500810014726000420022830000210027050000340029150500410032570000420036695201860040899900170059400003474520200930073857.0111019s1972 mx 000 0 spa d aDO-SdBNPbspacBNPHU axxxbT858r1 aTrotsky, León,d1879-194094383213aObras de León Trotsky /cLeón Trotsky ; director Cesar Nicolás Molina. aMéxico :bJuan Pablo editor,c1972. a284 p. ;c21 cm. aLa biblioteca posee el tomo 60 gTomo 6 :tLa revolución permanente1 aMolina, Cesar Nicolás,edir.960221 001050718MOaGRbGRcCTd2011-10-19iLF1l0oxxx T858rp34745-10r2020-06-25w2020-06-25y1zPerteneció a la biblioteca personal de Juan Isidro Jimenes- GrullónZNo se presta c34236d34236